| 000 | 03011nam a2200565Ia 4500 | ||
|---|---|---|---|
| 001 | dia_5784 | ||
| 003 | CHAP | ||
| 005 | 20240417135125.0 | ||
| 007 | ta | ||
| 008 | 220117s2014 mx abdof 001 0 spa d | ||
| 040 |
_amxchpua _cCHAP |
||
| 090 |
_aT.C.639 _bB84 IA _c2014 |
||
| 245 | 1 | 0 |
_aAntecedentes de cinco sistema producto y caracterización de dieciséis agroindustrias en los estados de Yucatán, Campeche, Tabasco y Veracruz / _ccoordinadora María Ofelia Buendía González ; colaboradores Laura Aguilera Blanco...[y otros] |
| 260 |
_aMéxico : _bEl autor, _c2014 |
||
| 300 |
_a248 páginas : _bilustraciones, tablas, gráficas, mapas, fotos |
||
| 336 |
_2rdacontent _atexto _btxt |
||
| 337 |
_2rdamedia _ano mediado _bn |
||
| 338 |
_2rdacarrier _avolumen _bnc |
||
| 500 | _aGrado: 4° año Grupo: 01 Directorio: páginas 228-230 | ||
| 502 |
_aViaje de estudios _b(IA) -- _cUACh. Departamento de Ingeniería Agroindustrial, _d2014 |
||
| 504 | _aBibliografía: páginas 231-240 | ||
| 505 | 0 | 0 | _tEmpresas visitadas: -- 1.Frigorífico de Villahermosa, Tabasco -- 2.Frigorífico de la Cuenca del Papaloapan, S. A. de C. V. -- 3.Planta procesadora de Kekén -- 4.Quesos San Jorge Regino Hernández -- 5.Ingenio azucarero La Joya - Impulsora azucarera del Trópico, S. A. de C. V. -- 6.Comercializadora Fuego Maya, S. de R. L. de C. V. -- 7.Tabafresh, S. A. de C. V. -- 8.Unidad de producción 27 de junio Tzapinco -- 9.Casa D´aristi -- 10.Cervecera Cuauhtémoc Moctezuma -- 11.Alimentos Balanceados Lorgam, S. A. de C. V. -- 12.AGROIPSA (Agroindustria de Palenque, S. A. de C. V.) -- 13.Fábrica de Chocolates CACEP -- 14.Grupo BIMBO, S. A. de C. V. -- 15.Molino San Ignacio -- 16.Molino y tortillería Rayito de Sol -- 17.Unidad foránea de la UNAM |
| 650 | 1 | 3 |
_aGranos alimenticios _9155387 |
| 650 | 1 | 3 |
_aIndustria alimentaria _9141176 |
| 650 | 1 | 3 |
_aIndustria azucarera _957780 |
| 650 | 1 | 3 |
_aIndustria cervecera _957799 |
| 650 | 1 | 3 |
_aIndustria de la grasa y el aceite _9154338 |
| 650 | 1 | 3 |
_aIndustria del ganado y de la carne _9147937 |
| 650 | 1 | 3 |
_aProductos derivados del cacao _9150301 |
| 650 | 1 | 3 |
_aIndustria láctea _9143326 |
| 650 | 1 | 3 |
_aIndustria del vino _9151418 |
| 650 | 1 | 3 |
_aBrewing industry _9151423 |
| 650 | 1 | 3 |
_aCocoa products _9150295 |
| 650 | 1 | 3 |
_aFats and oils industry _9157566 |
| 650 | 1 | 3 |
_aFeed industry _9149936 |
| 650 | 1 | 3 |
_aSugar industry _9151278 |
| 650 | 1 | 3 |
_aFood grains _9155385 |
| 650 | 1 | 3 |
_aLivestock and meat industry _9147938 |
| 650 | 1 | 3 |
_aMilk industry _9147869 |
| 650 | 1 | 3 |
_aWine industry _9151419 |
| 700 | 1 |
_aBuendía González, María Ofelia _9150532 _ecoordinadora |
|
| 700 | 1 |
_aAguilar Blanco, Laura _9159652 _ecolaboradora |
|
| 856 | 4 | 2 |
_uhttp://10.13.5.2/ve/TC639IA/TC639IA2014-REPORTE.pdf _yDESCARGAR REPORTE |
| 901 | _aT.C.639 B84 IA 2014 | ||
| 902 | _aM | ||
| 905 | _a5232272014 mx mndl8223123322spa16 | ||
| 942 | _2local | ||
| 942 | _cVE | ||
| 999 |
_c176868 _d176868 |
||